000 00392 a2200145 4500
005 20250610071307.0
020 _a9789976404418
082 _a370.15 OMA
100 _aOMARY,M.
245 _aEducational psychology for Teachers
250 _a2nd Ed.
260 _aDodoma
_bOxford University Press
_c2011
300 _axii,348p.; ill.,table,pictures
_bIndex & reference
_c23cm.
942 _2ddc
_cBKS
999 _c3384
_d3384